| 000 -CABECERA |
| fixed length control field |
01874nam a22003017a 4500 |
| 003 - IDENTIFICADOR DEL NÚMERO DE CONTROL |
| control field |
AR-CdUCM |
| 008 - DATOS DE LONGITUD FIJA--INFORMACIÓN GENERAL |
| fixed length control field |
190223b ||||| |||| 00| 0 spa d |
| 040 ## - FUENTE DE LA CATALOGACIÓN |
| Agencia/entidad que catalogó originalmente la obra |
MUNICIPALIDAD PROVINCIAL DEL CUSCO |
| Entidad que transcribió la catalogación |
BIBLIOTECA MUNICIPAL DEL CUSCO |
| 082 ## - NÚMERO DE LA CLASIFICACIÓN DECIMAL DEWEY |
| No. de Clasificación |
985.015/O66 |
| Notacion interna |
O66 |
| 100 ## - ENTRADA PRINCIPAL--NOMBRE DE PERSONA |
| Nombre Personal |
Oricain, Pablo José |
| 245 ## - MENCIÓN DE TÍTULO |
| Título |
Compendio breve de discursos varios sobre diferentes materias, y noticias geográficas, comprensivas, a este obispado del Cuzco, que claman remedios espirituales / |
| Mención de responsabilidad |
formado por Pablo José Oricain, geografo de esta intendencia [...]. |
| 260 ## - PUBLICACIÓN, DISTRIBUCIÓN, ETC. |
| Lugar de publicación, distribución, etc. |
Lima : |
| Nombre de la editorial, distribuidor, etc. |
Ministerio de Relaciones Exteriores del Perú, |
| Fecha de publicación, distribución, etc. |
2004. |
| 300 ## - DESCRIPCIÓN FÍSICA |
| Nº de Páginas Extensión |
85 paginas : |
| Otros detalles físicos |
mapas (facsimilares) ; |
| Dimensiones |
24 cm. |
| 500 ## - NOTA GENERAL |
| Bibliografía |
Incluye índice topinímico. |
| 505 ## - NOTA DE CONTENIDO CON FORMATO |
| Nota de contenido formateada |
Contenido: Relación de mapas, la provincia del Cuzco o parte citerior de su Obispado -- El partido de Abancay -- El partido de Urubamba -- La provincia de Calca y Lares -- El partido de Paucartambo -- El partido de Quispicanchi -- El partido de Tinta -- El partido de Chumbivilcas -- El partido de Paruro -- El partido de Cotabambas -- El partido de Aymaraes -- Los partidos del Collao o parte ulterior del Obispado del Cuzco. |
| 650 ## - PUNTO DE ACCESO ADICIONAL DE MATERIA--TÉRMINO DE MATERIA |
| Descriptor |
Iglesia Católica |
| 9 (RLIN) |
3151 |
| 650 ## - PUNTO DE ACCESO ADICIONAL DE MATERIA--TÉRMINO DE MATERIA |
| Descriptor |
Obispado del Cusco |
| 9 (RLIN) |
3256 |
| 650 ## - PUNTO DE ACCESO ADICIONAL DE MATERIA--TÉRMINO DE MATERIA |
| Descriptor |
Historia del Cusco |
| 9 (RLIN) |
1714 |
| 650 ## - PUNTO DE ACCESO ADICIONAL DE MATERIA--TÉRMINO DE MATERIA |
| Descriptor |
Geografía del Cusco |
| 9 (RLIN) |
3257 |
| 650 ## - PUNTO DE ACCESO ADICIONAL DE MATERIA--TÉRMINO DE MATERIA |
| Descriptor |
Intendencia del Cusco |
| 9 (RLIN) |
3258 |
| 650 ## - PUNTO DE ACCESO ADICIONAL DE MATERIA--TÉRMINO DE MATERIA |
| Descriptor |
Siglo XVIII |
| 9 (RLIN) |
837 |
| 650 ## - PUNTO DE ACCESO ADICIONAL DE MATERIA--TÉRMINO DE MATERIA |
| Descriptor |
Cusco Perú |
| 9 (RLIN) |
3259 |
| 700 ## - PUNTO DE ACCESO ADICIONAL--NOMBRE DE PERSONA |
| Nombre Personal |
García Robles, Mónica. |
| 9 (RLIN) |
3260 |
| 700 ## - PUNTO DE ACCESO ADICIONAL--NOMBRE DE PERSONA |
| Nombre Personal |
Oricain, Pablo José. (compilador) |
| 9 (RLIN) |
3261 |
| 710 ## - PUNTO DE ACCESO ADICIONAL--NOMBRE DE ENTIDAD CORPORATIVA |
| Nombre corporativo (En letras Mayúsculas) |
Ministerio de Relaciones Exteriores |
| 9 (RLIN) |
3262 |
| 942 ## - ELEMENTOS DE PUNTO DE ACCESO ADICIONAL (KOHA) |
| Fuente de clasificación |
|
| Tipo de item |
Libros-BMC |
| 945 ## - PROCESAMIENTO DE INFORMACIÓN LOCAL (OCLC) |
| Catalogador |
rac |